| 000 | 01160nam a22003497a 4500 | ||
|---|---|---|---|
| 001 | 0040655 | ||
| 003 | KOHA_MİRAKIL | ||
| 005 | 20260207003209.0 | ||
| 007 | ta | ||
| 008 | 130730b2006 tu |||gr||||#||||0|tur | | ||
| 020 | _a9754375917 | ||
| 040 |
_aTR-BiSEU _btur _cTR-BiSEU _erda |
||
| 041 | 0 | _atur | |
| 044 | _ctu | ||
| 050 |
_aML262 _b.G38 2006 |
||
| 100 | 1 | _aGazimihal, Mahmut Ragıp. | |
| 245 | 1 |
_aAnadolu türküleri ve musiki istikbalımız / _cMahmut Ragıp Gazimihal ; Mahmut Ragıp Gazimihal ; çeviri , yazım ve yorum Mehmet Salih Ergan, Ahmet Şahin Ak. |
|
| 264 | 1 |
_aAnkara : _bÖtüken _c2006 |
|
| 300 |
_a284 sayfa ; _cresimli , harita ; _c20 cm |
||
| 336 |
_ametin _btxt _2rdacontent |
||
| 337 |
_aaracısız _bn _2rdamedia |
||
| 338 |
_acilt _bnc _2rdacarrier |
||
| 490 | 1 |
_aÖtüken yayın no ; _v656. |
|
| 490 | 1 | _aKültür serisi 311. | |
| 500 | _aKaynakça var. | ||
| 650 | 0 |
_aMusic--Turkey--History and criticism. _923946 |
|
| 650 | 0 |
_aFolk songs, Turkish. _917297 |
|
| 650 | 0 |
_aFolk music--Turkey. _923947 |
|
| 830 | 1 |
_aÖtüken yayın no ; _v656. _912230 |
|
| 830 | 1 |
_aKültür serisi 311. _975346 |
|
| 942 |
_2lcc _cBK |
||
| 999 |
_c40525 _d40525 |
||